Horticultura

Bibliographic Details
Main Authors: Huerres Pérez, Consuelo, Caraballo Llosas, Nelia
Format: Section = Libro
Language:Undetermined
Spanish
Published: La Habana Pueblo y Educación 1988
Subjects:
LEADER 00460nam a2200181Ia 4500
008 240830s9999 xx 000 0 und d
040 |a B-ESTELÍ- RUACS / 635 H887 
041 |a spa 
082 |a 635 H887 
100 1 |a Huerres Pérez, Consuelo 
100 1 |b  Caraballo Llosas, Nelia 
245 1 0 |a Horticultura 
260 |a La Habana  |b Pueblo y Educación  |c 1988 
300 |a 193 p.: il. 
650 7 |a HORTICULTURA 
942 |c BK  |2 ddc 
991 |a TEXTO 
999 |c 11354